I was walking down the road / (Record no. 335250)
[ view plain ]
| 000 -LEADER | |
|---|---|
| fixed length control field | 00386nam a22001217a 4500 |
| 008 - FIXED-LENGTH DATA ELEMENTS--GENERAL INFORMATION | |
| fixed length control field | 170627b xxu||||| |||| 00| 0 eng d |
| 020 ## - INTERNATIONAL STANDARD BOOK NUMBER | |
| International Standard Book Number | 590101374 |
| 100 ## - MAIN ENTRY--PERSONAL NAME | |
| Personal name | Barchas, Sarah E. |
| 245 ## - TITLE STATEMENT | |
| Title | I was walking down the road / |
| Statement of responsibility, etc | Sarah E. Barchas ; pictures by Jack Kent. |
| 260 ## - PUBLICATION, DISTRIBUTION, ETC. (IMPRINT) | |
| Place of publication, distribution, etc | New York : |
| Name of publisher, distributor, etc | Scholastic, |
| Date of publication, distribution, etc | 1975 |
| 300 ## - PHYSICAL DESCRIPTION | |
| Extent | unpaged : |
| Other physical details | colored illustration ; |
| Dimensions | 15cm. |
| 942 ## - ADDED ENTRY ELEMENTS (KOHA) | |
| Source of classification or shelving scheme | Dewey Decimal Classification |
| Item type | Books |
No items available.